Online
Catalog

Sobre vivencias : (Record no. 14804)

MARC details
000 -CABECERA
campo de control de longitud fija 01602nam a2200277 a 4500
001 - NÚMERO DE CONTROL
campo de control 000015235
005 - FECHA Y HORA DE LA ÚLTIMA TRANSACCIÓN
campo de control 20200929164005.0
008 - DATOS DE LONGITUD FIJA--INFORMACIÓN GENERAL
campo de control de longitud fija 100203s2009 dr a r 001 0 spa d
020 ## - NÚMERO INTERNACIONAL ESTÁNDAR DEL LIBRO
Número Internacional Estándar del Libro 9789993425823
040 ## - FUENTE DE LA CATALOGACIÓN
Centro catalogador/agencia de origen DO-SdBNP
Lengua de catalogación spa
Centro/agencia transcriptor BNPHU
082 ## - NÚMERO DE LA CLASIFICACIÓN DECIMAL DEWEY
Número de clasificación 362.8292
Número de documento/Ítem S677v
245 00 - MENCIÓN DE TÍTULO
Título Sobre vivencias :
Resto del título 4 casos de violencia contra la mujer y su relación con el Sistema de Protección en Santo Domingo /
Mención de responsabilidad, etc. Lucero Quiroga... [et al.] ; presentación Mauricio Ramírez Villegas.
246 13 - FORMA VARIANTE DE TÍTULO
Título propio/Titulo breve Sobre vivencias :
Resto del título cuatro casos de violencia contra la mujer y su relación con el Sistema de Protección en Santo Domingo
260 ## - PUBLICACIÓN, DISTRIBUCIÓN, ETC.
Lugar de publicación, distribución, etc. Santo Domingo :
Nombre del editor, distribuidor, etc. INTEC
-- Programa de las Naciones Unidas para el Desarrollo,
Fecha de publicación, distribución, etc. 2009.
300 ## - DESCRIPCIÓN FÍSICA
Extensión xiii, 234 p. ;
Dimensiones 25 cm.
500 ## - NOTA GENERAL
Nota general Incluye referencias bibliográficas y notas al pie de las páginas
504 ## - NOTA DE BIBLIOGRAFÍA, ETC.
Nota de bibliografía, etc. Bibliografía : p. 225- 234
505 2# - NOTA DE CONTENIDO CON FORMATO
Nota de contenido con formato Presentaciones -- Introducción --Sistema de protección de los derechos de las mujeres -- Clara, una niña mutilada -- Rosa, la soledad de un proceso revictimizante -- Teresa, el tránsito de la desesperanza a través de las fronteras -- Jorge ... eres entre todas las mujeres -- Hacia un sistema de atención integral.
590 ## - NOTA LOCAL (RLIN)
Nota local Inventariado, 2018/BT
650 #4 - PUNTO DE ACCESO ADICIONAL DE MATERIA--TÉRMINO DE MATERIA
Término de materia o nombre geográfico como elemento de entrada Violencia conyugal
Subdivisión geográfica República Dominicana
9 (RLIN) 2756
650 #4 - PUNTO DE ACCESO ADICIONAL DE MATERIA--TÉRMINO DE MATERIA
Término de materia o nombre geográfico como elemento de entrada Violencia conyugal
Subdivisión general Legislación
Subdivisión geográfica República Dominicana
9 (RLIN) 2755
650 #4 - PUNTO DE ACCESO ADICIONAL DE MATERIA--TÉRMINO DE MATERIA
Término de materia o nombre geográfico como elemento de entrada Violencia contra la mujer
Subdivisión geográfica República Dominicana
9 (RLIN) 34482
700 1# - PUNTO DE ACCESO ADICIONAL--NOMBRE DE PERSONA
Nombre de persona Quiroga, Lucero
9 (RLIN) 2556
700 1# - PUNTO DE ACCESO ADICIONAL--NOMBRE DE PERSONA
Nombre de persona Ramírez Villegas, Mauricio
9 (RLIN) 34483
910 ## - DATOS DE OPCIÓN DEL USUARIO (OCLC)
Datos de opción del usuario Validado. Control de calidad. MMOLINA
Holdings
Estado de retiro Estado de pérdida Restricciones de uso No para préstamo Código de colección Localización permanente Ubicación/localización actual Ubicación en estantería Fecha de adquisición Número de inventario Total de préstamos Signatura topográfica completa Código de barras Fecha visto por última vez Número de copia Precio válido a partir de Tipo de ítem Koha
        Dominicana de Servicio General General Depósito 03.02.2010 LF1   362.8292 S677v 15235-30 25.06.2020 e.3 25.06.2020 Libro y Folleto Colección Dominicana de Servicio
        Dominicana de Servicio General General Depósito 03.02.2010 LF1   362.8292 S677v 15235-40 25.06.2020 e.4 25.06.2020 Libro y Folleto Colección Dominicana de Servicio
        Dominicana de Servicio General General Depósito 03.02.2010 LF1   362.8292 S677v 15235-50 25.06.2020 e.5 25.06.2020 Libro y Folleto Colección Dominicana de Servicio
      Excluido de préstamo Patrimonio Dominicano Patrimonio Dominicano Patrimonio Dominicano Depósito 03.02.2010 LF1   362.8292 S677v 15235-10 25.06.2020   25.06.2020 Libro y Folleto Colección Patrimonio Dominicano
      Excluido de préstamo Patrimonio Dominicano Patrimonio Dominicano Patrimonio Dominicano Depósito 03.02.2010 LF1   362.8292 S677v 15235-20 25.06.2020 e.2 25.06.2020 Libro y Folleto Colección Patrimonio Dominicano

Powered by Koha